00456nam a2200169 a 450000100060000000300090000600800410001502000150005604000280007108200200009910000170011924500240013626000380016030000080019865000330020665000470023913523CO-ViMGA141112s2004 ck r 000 u spa d a8432230707 aCO-ViMGAbspacCO-ViMGA04aMe 864.42 P316h1 aPaz, Octavio10aHombres en su siglo aBarcelona : bSeix Barral, c1990 a18214aENSAYOS MEXICANOS - SIGLO XX14aPAZ, OCTAVIO, 1914 - COLECCION DE ESCRITOS